Les marionnettes sur eau traditionnelles du Vietnam / (Record no. 137445)

MARC details
000 -CABECERA
campo de control de longitud fija 00929nam a2200265 i 4500
001 - NÚMERO DE CONTROL
campo de control 991061769066106706
003 - IDENTIFICADOR DEL NÚMERO DE CONTROL
campo de control ES-BaIT
005 - FECHA Y HORA DE LA ÚLTIMA TRANSACCIÓN
campo de control 20260512112333.0
008 - DATOS DE LONGITUD FIJA--INFORMACIÓN GENERAL
campo de control de longitud fija 260512s1996 vm a||||||||||000|0|fre|c
040 ## - FUENTE DE LA CATALOGACIÓN
Centro catalogador/agencia de origen ES-BaIT
Lengua de catalogación cat
Normas de descripción rda
Centro/agencia transcriptor ES-BaIT
080 ## - NÚMERO DE LA CLASIFICACIÓN DECIMAL UNIVERSAL
Número de la Clasificación Decimal Universal 792.97(597)
100 1# - ENTRADA PRINCIPAL--NOMBRE DE PERSONA
Nombre de persona Nguỹên, Huy H̀ông
Término indicativo de función/relación autor
9 (RLIN) 169489
245 14 - MENCIÓN DE TÍTULO
Título Les marionnettes sur eau traditionnelles du Vietnam /
Mención de responsabilidad, etc. texte, Nguỹên Huy H̀ông, Tr̀ân Trung Chính ; photos, Đ̃ô Nhụân, Kim Hoàn, Vu Anh Tuân
264 #1 - PRODUCCIÓN, PUBLICACIÓN, DISTRIBUCIÓN, FABRICACIÓN Y COPYRIGHT
Producción, publicación, distribución, fabricación y copyright Hanoi :
Nombre del de productor, editor, distribuidor, fabricante The Gioi,
Fecha de producción, publicación, distribución, fabricación o copyright 1992
300 ## - DESCRIPCIÓN FÍSICA
Extensión 79 pàgines :
Otras características físicas il·lustracions en color ;
Dimensiones 24 cm
336 ## - TIPO DE CONTENIDO
Término de tipo de contenido text
Código de tipo de contenido txt
Fuente rdacontent
336 ## - TIPO DE CONTENIDO
Término de tipo de contenido imatge fixa
Código de tipo de contenido sti
Fuente rdacontent
337 ## - TIPO DE MEDIO
Nombre/término del tipo de medio sense mediació
Código del tipo de medio n
Fuente rdamedia
338 ## - TIPO DE SOPORTE
Nombre/término del tipo de soporte volum
Código del tipo de soporte nc
Fuente rdacarrier
650 #4 - PUNTO DE ACCESO ADICIONAL DE MATERIA--TÉRMINO DE MATERIA
Término de materia o nombre geográfico como elemento de entrada Titelles d'aigua
Subdivisión geográfica Vietnam
Fuente del encabezamiento o término
9 (RLIN) 169490
700 1# - ENTRADA AGREGADA--NOMBRE PERSONAL
Nombre de persona Tran, Trung Chinh
Término indicativo de función/relación autor
9 (RLIN) 169491
908 ## - COLOCAR PARÁMETRO DE COMANDO (RLIN)
Colocar parámetro de comando CDMAE
940 ## - EQUIVALENCIA O REFERENCIA-CRUZADA--TÍTULO UNIFORME [OBSOLETO] [solamente CAN/MARC]
Título uniforme <a href="CDMAE">CDMAE</a>
942 ## - ELEMENTOS DE ENTRADA AGREGADA (KOHA)
Fuente del sistema de clasificación o colocación Clasificación decimal universal
Tipo de ítem Koha Llibre
Holdings
Estado de retiro Estado de pérdida Fuente del sistema de clasificación o colocación Estado dañado No para préstamo Localización permanente Ubicación/localización actual Ubicación en estantería Fecha de adquisición Fuente de adquisición Total de préstamos Signatura topográfica completa Código de barras Fecha visto por última vez Precio válido a partir de Tipo de ítem Koha
    Clasificación decimal universal   Exclòs de préstec Biblioteca Barcelona Biblioteca Barcelona BCN Magatzem Dossiers 12/05/2026 Donatiu   D 10-10 d1010 12/05/2026 12/05/2026 Llibre

Powered by Koha